Nociones de historia de la literatura española, hispanoamericana y argentina; con antología /

Guardado en:
Autor Principal: Estrella Gutierrez, Fermín
Formato: Libro
Publicado: Buenos Aires : Kapelusz, 1954
Edición:2a. ed.
Etiquetas: Agregar Etiqueta
Sin Etiquetas, Sea el primero en etiquetar este registro!
LEADER 00532nam a22001575a 4500
001 CEM.cems002345
005 20060217000000.0
008 130507s1954##################000#0#####d
003 CEMS
082 0 4 |a 860.9 
100 1 |a Estrella Gutierrez, Fermín 
245 1 0 |a Nociones de historia de la literatura española, hispanoamericana y argentina; con antología /  |c Fermín Estrella Gutierrez 
250 |a 2a. ed. 
260 |a Buenos Aires :  |b Kapelusz,  |c 1954 
300 |a 453 p.1 
859 |a CEMS  |b BIB. CEMS - 11 de abril  |h 860.9  |i Es81-1a2  |p 3641.75  |t Ej.1